000 00940cam a2200301 i 4500
001 4561108
003 OSt
005 20140310181922.0
008 750306s1973 ilu 001 0 eng
010 _a 73077792
020 _a0226816206.
_a0226816214
040 _aDLC
_cDLC
_dDLC
050 0 0 _aLB 2369
_b.T929 1987
082 0 0 _aTRE 808.02
_bTu84 1987
100 1 _aTurabian, Kate L.
_91908
245 1 2 _aA manual for writers of term papers, theses, and dissertations /
_cKate L. Turabian.
250 _a5th ed.
260 _aChicago :
_bUniversity of Chicago Press,
_c1973.
300 _a200 p. ;
_c22 cm.
500 _aIncludes index.
521 _aFaculty
541 _j1
562 _e1
650 0 _aDissertations, Academic
_xAuthorship
_xHandbooks, manuals, etc.
_91909
650 0 _aAcademic writing
_xHandbooks, manuals, etc.
_91910
906 _a7
_bcbc
_corignew
_d2
_eopcn
_f19
_gy-gencatlg
942 _2lcc
_cBK-TR
_kTR
999 _c7055
_d7055